Normal view
MARC view
- Tan, Kim H.
Entry Personal Name
001 - CONTROL NUMBER
- control field: 6991
003 - CONTROL NUMBER IDENTIFIER
- control field: NUST
005 - DATE AND TIME OF LATEST TRANSACTION
- control field: 20171206112439.0
008 - FIXED-LENGTH DATA ELEMENTS
- fixed length control field: 171206|| aca||aabn | a|a d
040 ## - CATALOGING SOURCE
- Original cataloging agency: NUST
- Transcribing agency: NUST
100 ## - HEADING--PERSONAL NAME
- Personal name: Tan, Kim H.
- Fuller form of name: (Kim Howard),
- Dates associated with a name: 1926-
670 ## - SOURCE DATA FOUND
- Source citation: Work cat.: (NUST)0: Tan, Kim H. (Kim Howard), 1926-, Principles of soil chemistry /, c2011.
